| 000 | 00411nam a22001697a 4500 | ||
|---|---|---|---|
| 003 | SGT | ||
| 020 | _a9780134801476 | ||
| 082 |
_a616.85 _bI19O |
||
| 100 | _aOWENS, ROBERT E. | ||
| 245 | _aINTRODUCTION TO COMMUNICATION DISORDERS | ||
| 250 | _a6TH | ||
| 260 |
_aNEW YORK _bPEARSON PUB _c2019 |
||
| 300 | _a482 | ||
| 650 | _aAUDIOLOGY | ||
| 653 | _aINTRODUCTION TO COMMUNICATION DISORDERS | ||
| 942 |
_2ddc _cBK |
||
| 999 |
_c23788 _d23788 |
||